| 000 | 00681nam a2200217 a 4500 | ||
|---|---|---|---|
| 999 |
_c7590 _d7590 |
||
| 001 | 7590 | ||
| 003 | BD-JhCC | ||
| 005 | 20180212092735.0 | ||
| 008 | 180212s1963 bg a|||| ||a| 000 0 ben d | ||
| 035 | _a(BD-JhCC)7590 | ||
| 040 |
_aBD-JhCC _dBD-JhCC |
||
| 041 | _aben | ||
| 082 |
_a910 _bVAV 1963 |
||
| 100 | _aভ্যাভেনপোট,মাশিয়া . | ||
| 245 |
_aইতালির জনক গ্যারিবল্ডী / _cমাশিয়া ভ্যাভেনপোট . |
||
| 260 |
_aঢাকা : _bবুক সিন্তিকেট ; _c1963. |
||
| 300 |
_a160 p. : _bill ; _c18 cm. |
||
| 651 | _aTrvel | ||
| 942 |
_2lcc _cBK |
||